[Event "Quebec op Open"]
[Site "Montreal CAN"]
[Date "2010.07.26"]
[Round "4"]
[White "Khaziyeva, Dinara"]
[Black "Poulin, Mathieu"]
[Result "0-1"]
[WhiteElo "2158"]
[BlackElo "2078"]
[PlyCount "86"]
[EventDate "2010.07.24"]
[EventType "swiss"]
[EventRounds "9"]
[EventCountry "CAN"]

1. b3 e5 2. Bb2 Nc6 3. e3 d6 4. Bb5 Nge7 5. d4 a6 6. Bxc6+ Nxc6 7. d5 Ne7 8. c4
g6 9. e4 Bg7 10. Ne2 f5 11. Nd2 c5 12. dxc6 bxc6 13. f4 O-O 14. fxe5 dxe5 15.
O-O c5 16. Nc3 Bb7 17. Na4 Rc8 18. Qe1 Qd6 19. Rd1 Nc6 20. exf5 Nd4 21. Ne4
Bxe4 22. Qxe4 gxf5 23. Qh4 e4 24. Qg3 Qe5 25. Ba3 Rc6 26. Kh1 Rh6 27. Qf4 Ne2
28. Qxe5 Bxe5 29. h3 Ng3+ 30. Kg1 Nxf1 31. Kxf1 f4 32. Nxc5 Bd6 33. Rxd6 Rxd6
34. Nxe4 Rd1+ 35. Ke2 Rfd8 36. Bc5 Rb1 37. Nf6+ Kf7 38. Nd5 Rb2+ 39. Kf3 Rxa2
40. Nxf4 Rc8 41. Nd3 Rd2 42. Nf2 Rxc5 43. Ne4 Rf5+ 0-1

[Event "Quebec op Open"]
[Site "Montreal CAN"]
[Date "2010.07.26"]
[Round "4"]
[White "Le Duin, Thierry"]
[Black "Yao, Houji"]
[Result "1/2-1/2"]
[WhiteElo "2002"]
[BlackElo "1669"]
[PlyCount "73"]
[EventDate "2010.07.24"]
[EventType "swiss"]
[EventRounds "9"]
[EventCountry "CAN"]

1. d4 d5 2. Nf3 Nf6 3. c3 c6 4. Bg5 Bf5 5. Nbd2 Nbd7 6. Nh4 Bg6 7. Nxg6 hxg6 8.
e3 e6 9. Bd3 Qc7 10. h3 e5 11. Qc2 Be7 12. O-O-O O-O-O 13. Qa4 Kb8 14. Kb1 Rhe8
15. c4 exd4 16. exd4 dxc4 17. Nxc4 Nd5 18. Bxe7 Rxe7 19. g3 N7b6 20. Qb3 Nxc4
21. Bxc4 Qd7 22. Rd2 g5 23. Qf3 f6 24. h4 gxh4 25. Rxh4 Qd6 26. Bxd5 Qxd5 27.
Qxd5 Rxd5 28. Kc2 Kc7 29. Kc3 Kd6 30. a3 a6 31. b4 a5 32. Rh8 axb4+ 33. axb4
Kc7 34. Rh4 Kd6 35. Rh8 Kc7 36. Rh4 Kd6 37. Rh8 1/2-1/2

[Event "Quebec op Open"]
[Site "Montreal CAN"]
[Date "2010.07.26"]
[Round "4"]
[White "Robichaud, Louis"]
[Black "Leutschaft, Martin"]
[Result "1-0"]
[WhiteElo "2025"]
[BlackElo "2133"]
[PlyCount "89"]
[EventDate "2010.07.24"]
[EventType "swiss"]
[EventRounds "9"]
[EventCountry "CAN"]

1. e4 c5 2. Nc3 e6 3. g3 b6 4. Bg2 Bb7 5. Nf3 a6 6. O-O Nc6 7. d4 cxd4 8. Nxd4
Bb4 9. Nxc6 dxc6 10. Be3 Qxd1 11. Rfxd1 b5 12. e5 Bxc3 13. bxc3 Ne7 14. c4 bxc4
15. Rab1 Bc8 16. Bc5 Nd5 17. Rd4 c3 18. Rc4 Kd7 19. Bxd5 exd5 20. Rxc3 a5 21.
f4 Ba6 22. Ra3 Bb5 23. Kf2 g6 24. Re1 a4 25. Rf3 Bc4 26. a3 Ra5 27. Bd4 Ke6 28.
g4 c5 29. f5+ gxf5 30. gxf5+ Ke7 31. Bc3 Raa8 32. Rg3 d4 33. Bd2 Rhg8 34. Bg5+
Kd7 35. Bf4 Rxg3 36. hxg3 Bd5 37. c3 dxc3 38. Rc1 Be4 39. g4 c4 40. Rxc3 Rc8
41. Rh3 Rh8 42. Rh6 Rg8 43. Rd6+ Ke7 44. f6+ Ke8 45. Be3 1-0

[Event "Quebec op Open"]
[Site "Montreal CAN"]
[Date "2010.07.26"]
[Round "4"]
[White "Robidas, Francois"]
[Black "Larochelle, Martial"]
[Result "0-1"]
[WhiteElo "2002"]
[BlackElo "2208"]
[PlyCount "80"]
[EventDate "2010.07.24"]
[EventType "swiss"]
[EventRounds "9"]
[EventCountry "CAN"]

1. e4 e5 2. Bc4 Nf6 3. d3 Bc5 4. Bg5 h6 5. Bh4 O-O 6. Nc3 c6 7. Nf3 b5 8. Bb3
d6 9. h3 Bb7 10. Qd2 a5 11. a4 bxa4 12. Nxa4 Nbd7 13. O-O Ba7 14. Rae1 Qc7 15.
Kh1 Rae8 16. g4 d5 17. g5 hxg5 18. Qxg5 Nh7 19. Qg3 Re6 20. Rg1 Rg6 21. Qh2 Kh8
22. Rxg6 fxg6 23. Nd2 Nhf6 24. Bg3 dxe4 25. Nxe4 Nxe4 26. dxe4 Qd6 27. Nc3 Bd4
28. Rd1 Qf6 29. Qg2 Nc5 30. Bc4 a4 31. Ra1 Bxc3 32. bxc3 Rd8 33. f3 Bc8 34. Rf1
Be6 35. Qe2 Qg5 36. Be1 Qh5 37. Bxe6 Nxe6 38. Qh2 Rd1 39. h4 Nf4 40. Kg1 a3 0-1

[Event "Quebec op Open"]
[Site "Montreal CAN"]
[Date "2010.07.26"]
[Round "4"]
[White "Vallieres, Mario"]
[Black "Luksza, Arkadiusz"]
[Result "1/2-1/2"]
[WhiteElo "1992"]
[BlackElo "2195"]
[PlyCount "130"]
[EventDate "2010.07.24"]
[EventType "swiss"]
[EventRounds "9"]
[EventCountry "CAN"]

1. d4 e6 2. Nc3 d5 3. Bf4 Nf6 4. e3 Bb4 5. Bd3 Nbd7 6. Nge2 O-O 7. O-O Nh5 8.
Bg3 Nxg3 9. hxg3 f5 10. Nb1 Nf6 11. c3 Bd6 12. Nd2 c6 13. c4 Qe8 14. Rc1 Ng4
15. Nf3 Qh5 16. Nf4 Bxf4 17. exf4 Rf6 18. Be2 Rh6 19. Nh4 g5 20. fxg5 Qxg5 21.
Bxg4 fxg4 22. Re1 Rf6 23. Re5 Qg7 24. Qd2 h6 25. c5 Bd7 26. Rce1 Raf8 27. R1e2
Bc8 28. b4 b6 29. Qd3 Qf7 30. f4 gxf3 31. gxf3 Qg7 32. Rg2 bxc5 33. bxc5 Qh7
34. Qxh7+ Kxh7 35. f4 Ba6 36. Rb2 Rg8 37. Kf2 Bd3 38. Re3 Be4 39. Reb3 Rg7 40.
a4 a5 41. Rb6 Rc7 42. Ra6 Rff7 43. Rbb6 Bd3 44. Rxa5 Ra7 45. Rxa7 Rxa7 46. Rxc6
Rxa4 47. Rxe6 Be4 48. c6 Kg7 49. Rxe4 dxe4 50. d5 Rc4 51. Nf5+ Kf8 52. Nd6 Rc1
53. Nxe4 Ke8 54. Ke3 Kd8 55. Kd4 Kc7 56. Ke5 h5 57. f5 Rf1 58. f6 Rf3 59. Ke6
Re3 60. f7 Rxe4+ 61. Kf5 Re3 62. Kf6 Rf3+ 63. Ke7 Re3+ 64. Kf6 Rf3+ 65. Ke7
Re3+ 1/2-1/2

[Event "Quebec op Open"]
[Site "Montreal CAN"]
[Date "2010.07.27"]
[Round "5"]
[White "Abran, David"]
[Black "Le Duin, Thierry"]
[Result "1-0"]
[WhiteElo "1798"]
[BlackElo "2002"]
[PlyCount "79"]
[EventDate "2010.07.24"]
[EventType "swiss"]
[EventRounds "9"]
[EventCountry "CAN"]

1. d4 Nf6 2. c4 c5 3. e3 g6 4. Be2 Bg7 5. Nc3 O-O 6. Nf3 d6 7. O-O Nc6 8. b3 b6
9. Bb2 Bb7 10. Rc1 Rc8 11. d5 Nb8 12. Qc2 a6 13. a4 Rc7 14. Nd2 Bc8 15. e4 Bd7
16. f4 Ne8 17. g4 Bd4+ 18. Kh1 e5 19. f5 g5 20. Nd1 f6 21. Bxd4 cxd4 22. b4 a5
23. b5 Ng7 24. h4 gxh4 25. Nf3 Be8 26. Nxh4 h5 27. Rg1 hxg4 28. Bxg4 Kf7 29.
Ng6 Rg8 30. Nf2 Nd7 31. Bh3 Nf8 32. Ng4 Nxg6 33. fxg6+ Kf8 34. Nxf6 Rh8 35. Qd3
Bd7 36. Nh7+ Ke8 37. Qf3 Bxh3 38. Qxh3 Qc8 39. Qh4 Rf8 40. Nxf8 1-0

[Event "Quebec op Open"]
[Site "Montreal CAN"]
[Date "2010.07.27"]
[Round "5"]
[White "Cvetkovic, Simeon"]
[Black "Rosen, Matthew"]
[Result "1/2-1/2"]
[WhiteElo "1901"]
[BlackElo "2113"]
[PlyCount "36"]
[EventDate "2010.07.24"]
[EventType "swiss"]
[EventRounds "9"]
[EventCountry "CAN"]

1. e4 c5 2. Nc3 d6 3. f4 Nc6 4. Nf3 e6 5. Bc4 a6 6. a4 Be7 7. O-O Bf6 8. d3
Nge7 9. Kh1 O-O 10. Qe1 Ng6 11. Qg3 Nd4 12. Nxd4 cxd4 13. Ne2 Qa5 14. Ng1 b5
15. Bb3 Bd7 16. f5 Be5 17. Qg5 Bf6 18. Qg3 Be5 1/2-1/2

[Event "Quebec op Open"]
[Site "Montreal CAN"]
[Date "2010.07.27"]
[Round "5"]
[White "Deschamps, Richard"]
[Black "Oussedik, Elias"]
[Result "1/2-1/2"]
[WhiteElo "2008"]
[BlackElo "2154"]
[PlyCount "163"]
[EventDate "2010.07.24"]
[EventType "swiss"]
[EventRounds "9"]
[EventCountry "CAN"]

1. d4 e6 2. c4 Nf6 3. Nf3 c5 4. d5 exd5 5. cxd5 d6 6. Nc3 g6 7. Bf4 Bg7 8. Qa4+
Bd7 9. Qb3 Qc7 10. e3 O-O 11. Be2 Nh5 12. Bg5 h6 13. Bh4 g5 14. Nd2 Nf6 15. Bg3
Re8 16. Nc4 Bf8 17. h4 Na6 18. hxg5 hxg5 19. a3 Rab8 20. a4 Nb4 21. Nd2 a6 22.
Rc1 b5 23. Nxb5 axb5 24. Qxb4 bxa4 25. Qc3 Bg7 26. Qc2 Rb4 27. Bc4 Qa5 28. O-O
Nh5 29. Ne4 Rxb2 30. Qd3 Bf5 31. Nf6+ Bxf6 32. Qxf5 Nxg3 33. fxg3 Qd2 34. Qf2
Qxf2+ 35. Rxf2 Rxf2 36. Kxf2 Rb8 37. Rc2 Rb4 38. Ba2 Kg7 39. Ke2 Be5 40. Kf3 f5
41. g4 Rxg4 42. Rc4 Rg3+ 43. Kf2 f4 44. exf4 gxf4 45. Rxa4 Bd4+ 46. Kf1 Kf6 47.
Ra8 Be3 48. Re8 Rg6 49. Re6+ Kg5 50. Rxg6+ Kxg6 51. Bb1+ Kf6 52. Be4 Ke5 53.
Bf3 c4 54. Ke2 Kd4 55. Kd1 Kd3 56. Be2+ Kd4 57. Bf3 Kc3 58. Be4 Kd4 59. Bf3 c3
60. Kc2 Bd2 61. Kd1 Kd3 62. Be2+ Ke3 63. Bf3 Kd4 64. Kc2 Kc4 65. Be4 Be1 66.
Bf3 Kd4 67. Kd1 Kd3 68. Be2+ Ke3 69. Bf3 Bh4 70. Kc2 Kd4 71. Kd1 Kd3 72. Be2+
Kd4 73. Bf3 Kc4 74. Kc2 Kb4 75. Be4 Kc4 76. Bf3 Kd4 77. Kd1 Ke3 78. Kc2 Kf2 79.
Kd3 Bf6 80. Be4 Be5 81. Bf3 Ke1 82. Kc2 1/2-1/2

[Event "Quebec op Open"]
[Site "Montreal CAN"]
[Date "2010.07.27"]
[Round "5"]
[White "Giroux, Robert"]
[Black "Carrier, Claude"]
[Result "1-0"]
[WhiteElo "2062"]
[BlackElo "1939"]
[PlyCount "95"]
[EventDate "2010.07.24"]
[EventType "swiss"]
[EventRounds "9"]
[EventCountry "CAN"]

1. d4 Nf6 2. c4 g6 3. g3 Bg7 4. Bg2 d5 5. cxd5 Nxd5 6. Nf3 O-O 7. O-O Nb6 8.
Nc3 Nc6 9. Bf4 Nxd4 10. Nxd4 Bxd4 11. Nb5 e5 12. Nxd4 exf4 13. gxf4 Qh4 14. e3
Bh3 15. Qf3 Bxg2 16. Qxg2 c6 17. Kh1 Rad8 18. Nf3 Qf6 19. b3 Rd6 20. Rg1 Rfd8
21. Qh3 Qe6 22. Qxe6 Rxe6 23. Ng5 Red6 24. Ne4 Rd3 25. Rac1 f5 26. Nc3 Rd2 27.
Rgd1 Kf7 28. Kg2 Ke6 29. Kf1 Rxd1+ 30. Rxd1 Rxd1+ 31. Nxd1 Nd5 32. Ke2 b5 33.
a3 a5 34. Kd3 c5 35. f3 Kd6 36. a4 Nb4+ 37. Kc3 Nd5+ 38. Kd3 b4 39. Nb2 Nc7 40.
Nc4+ Kd5 41. Nxa5 h6 42. h4 Kd6 43. Nc4+ Ke6 44. e4 Kf6 45. Nb6 fxe4+ 46. fxe4
Ne6 47. Nd5+ Kf7 48. a5 1-0

[Event "Quebec op Open"]
[Site "Montreal CAN"]
[Date "2010.07.27"]
[Round "5"]
[White "Hajiyev, Elshad"]
[Black "Poulin, Mathieu"]
[Result "1-0"]
[WhiteElo "2121"]
[BlackElo "2078"]
[PlyCount "131"]
[EventDate "2010.07.24"]
[EventType "swiss"]
[EventRounds "9"]
[EventCountry "CAN"]

1. d4 Nf6 2. Nf3 e6 3. Bg5 d5 4. e3 Be7 5. Bd3 h6 6. Bf4 Bd6 7. Ne5 Nbd7 8. Nd2
c5 9. c3 Qc7 10. Ndf3 O-O 11. g4 Ne4 12. h4 b6 13. g5 h5 14. g6 f6 15. Nxd7
Bxd7 16. Bxd6 Qxd6 17. Bxe4 dxe4 18. dxc5 Qd5 19. Qxd5 exd5 20. Nd4 bxc5 21.
Nb3 Rfc8 22. O-O-O Be6 23. Rd2 a5 24. Kb1 a4 25. Nc1 Rd8 26. Ne2 Bf5 27. Rg1
Rd7 28. Nf4 Rad8 29. Kc1 Bg4 30. b4 axb3 31. axb3 Ra8 32. Kb2 Rda7 33. c4 dxc4
34. Kc3 cxb3 35. Kxb3 Kf8 36. Rc1 Ra3+ 37. Kc4 R3a4+ 38. Kxc5 Ke8 39. Rcc2
R8a5+ 40. Kd6 Bd7 41. Rc5 Ra6+ 42. Kd5 Ke7 43. Rd4 f5 44. Rxa4 Bxa4 45. Nxh5
Rxg6 46. Ng3 Rf6 47. Ke5 Bd7 48. Kf4 g6 49. Kg5 Rd6 50. Re5+ Kf7 51. h5 gxh5
52. Nxf5 Rd2 53. Rxe4 Rd5 54. Rf4 h4 55. e4 Ra5 56. Rxh4 Bxf5 57. Rf4 Ke6 58.
Rxf5 Ra4 59. f3 Ra2 60. Rb5 Re2 61. Rb6+ Kf7 62. Kf5 Rh2 63. Rb7+ Kg8 64. e5
Kf8 65. f4 Rh5+ 66. Kg6 1-0

[Event "Quebec op Open"]
[Site "Montreal CAN"]
[Date "2010.07.27"]
[Round "5"]
[White "Larochelle, Martial"]
[Black "Dumont, Felix"]
[Result "1-0"]
[WhiteElo "2208"]
[BlackElo "2070"]
[PlyCount "115"]
[EventDate "2010.07.24"]
[EventType "swiss"]
[EventRounds "9"]
[EventCountry "CAN"]

1. e4 e6 2. d4 d5 3. Nd2 Nf6 4. e5 Nfd7 5. Bd3 c5 6. c3 Nc6 7. Ne2 f6 8. exf6
Nxf6 9. Nf3 Bd6 10. O-O Bd7 11. Bf4 Qc7 12. Bxd6 Qxd6 13. Ng3 O-O-O 14. Bb5 Ne7
15. Bxd7+ Nxd7 16. Re1 Rdf8 17. dxc5 Nxc5 18. b4 Na6 19. Qd4 Nc6 20. Qe3 Nc7
21. a4 Kb8 22. b5 Na5 23. Ne5 b6 24. Ne2 Rf6 25. Nd4 Rhf8 26. Ra2 h5 27. Qg3
Ka8 28. Qxg7 Qd8 29. Qd7 Rg8 30. Rae2 Qxd7 31. Nxd7 Rfg6 32. g3 Re8 33. Ne5 Rf6
34. h4 Kb7 35. Nef3 Nc4 36. Ne5 Nd6 37. Kg2 a6 38. bxa6+ Nxa6 39. Rb1 Kc7 40.
Reb2 Rb8 41. Rxb6 Rxb6 42. Rxb6 Rxf2+ 43. Kxf2 Ne4+ 44. Kf3 Kxb6 45. Nxe6 Nxc3
46. Nf4 Kc5 47. Nxh5 Kd6 48. Nd3 Ne4 49. Nhf4 Nc3 50. g4 Ke7 51. g5 Nc7 52. h5
Kf7 53. Ne5+ Kg7 54. h6+ Kg8 55. g6 Nxa4 56. h7+ Kg7 57. Nh5+ Kh8 58. Nf7# 1-0

[Event "Quebec op Open"]
[Site "Montreal CAN"]
[Date "2010.07.27"]
[Round "5"]
[White "Laurain, Guy"]
[Black "Zhang, Zhiyuan"]
[Result "1/2-1/2"]
[WhiteElo "2148"]
[BlackElo "1893"]
[PlyCount "66"]
[EventDate "2010.07.24"]
[EventType "swiss"]
[EventRounds "9"]
[EventCountry "CAN"]

1. e4 e6 2. d4 d5 3. Nc3 dxe4 4. Nxe4 Nf6 5. Nxf6+ gxf6 6. Be3 b6 7. Qf3 c6 8.
O-O-O Bb7 9. Nh3 Nd7 10. Nf4 Qe7 11. Qh5 O-O-O 12. Bc4 f5 13. Rhe1 Nf6 14. Qe2
Nd5 15. Bxd5 cxd5 16. Nd3 Rg8 17. g3 Ba6 18. Bf4 Kb7 19. Qe5 Bg7 20. Qe3 Bc4
21. Kb1 Bxd3 22. Qxd3 Qd7 23. Be5 Rc8 24. Qe3 Bxe5 25. Qxe5 Qc7 26. c3 Qxe5 27.
Rxe5 Rg6 28. Kc2 Rh6 29. h4 Rg6 30. Re3 Rg4 31. f4 h5 32. Rdd3 Rc6 33. Kd2 Rg8
1/2-1/2

[Event "Quebec op Open"]
[Site "Montreal CAN"]
[Date "2010.07.27"]
[Round "5"]
[White "Leutschaft, Martin"]
[Black "Berube, Antoine"]
[Result "0-1"]
[WhiteElo "2133"]
[BlackElo "2093"]
[PlyCount "118"]
[EventDate "2010.07.24"]
[EventType "swiss"]
[EventRounds "9"]
[EventCountry "CAN"]

1. e4 c5 2. Nf3 d6 3. d4 cxd4 4. Nxd4 Nf6 5. Nc3 a6 6. Bc4 e6 7. Bb3 Nbd7 8.
Bg5 Nc5 9. Qe2 Be7 10. h4 Qc7 11. O-O-O b5 12. Rhe1 O-O 13. a3 Nxb3+ 14. Nxb3
Bb7 15. g4 Rac8 16. Bf4 Nd7 17. Rd3 Ne5 18. Bxe5 dxe5 19. Red1 Rfd8 20. Rxd8+
Rxd8 21. Rxd8+ Qxd8 22. g5 g6 23. Qe3 h6 24. gxh6 Bxh4 25. Qa7 Qa8 26. Qc5 Bg5+
27. Kb1 Bxh6 28. f3 Qc8 29. Qb6 Bf8 30. Na2 Be7 31. Nb4 Bd8 32. Qa7 Qa8 33. Qc5
a5 34. Nd3 Qa6 35. Qxe5 Qb6 36. Nbc5 Bc8 37. b4 axb4 38. axb4 Be7 39. f4 Bf8
40. Qg5 Qd6 41. Qg2 Bd7 42. Qg4 Qd4 43. e5 Bxc5 44. bxc5 Bc6 45. Qe2 Be4 46.
Qf2 Qc4 47. Qe3 b4 48. Qd2 b3 49. Ne1 Qxc5 50. Qd8+ Qf8 51. Qd4 Qa8 52. Qb2
bxc2+ 53. Kc1 Qd8 54. Nxc2 Qc8 55. Kd2 Qxc2+ 56. Qxc2 Bxc2 57. Kxc2 g5 58. Kd3
Kg7 59. Ke3 Kg6 0-1

[Event "Quebec op Open"]
[Site "Montreal CAN"]
[Date "2010.07.27"]
[Round "5"]
[White "Libersan, Thierry"]
[Black "Enkh-Amar, Galbadrakh"]
[Result "1-0"]
[WhiteElo "2118"]
[BlackElo "2146"]
[PlyCount "75"]
[EventDate "2010.07.24"]
[EventType "swiss"]
[EventRounds "9"]
[EventCountry "CAN"]

1. e4 c5 2. Nf3 d6 3. d4 cxd4 4. Qxd4 Nc6 5. Bb5 Bd7 6. Bxc6 bxc6 7. O-O e5 8.
Qd3 Nf6 9. c4 Qc7 10. Nc3 Be7 11. Bg5 h6 12. Bh4 g5 13. Bg3 Nh5 14. Rfd1 Nf4
15. Bxf4 exf4 16. Re1 f6 17. c5 dxc5 18. e5 O-O-O 19. e6 Be8 20. Qc2 Bh5 21.
Rad1 Rxd1 22. Rxd1 Rd8 23. Rxd8+ Qxd8 24. Qh7 Bg4 25. Qxh6 Qg8 26. h4 Bxf3 27.
gxf3 gxh4+ 28. Kh2 Qxe6 29. Qxh4 f5 30. Qh8+ Kb7 31. Qe8 Qh6+ 32. Kg2 Qg7+ 33.
Kf1 Bf6 34. Na4 Bd4 35. Qe6 Kc7 36. Qxf5 Bxb2 37. Nxc5 Qe5 38. Qf7+ 1-0

[Event "Quebec op Open"]
[Site "Montreal CAN"]
[Date "2010.07.27"]
[Round "5"]
[White "Luksza, Arkadiusz"]
[Black "Auger, Bertrand"]
[Result "1-0"]
[WhiteElo "2195"]
[BlackElo "1950"]
[PlyCount "71"]
[EventDate "2010.07.24"]
[EventType "swiss"]
[EventRounds "9"]
[EventCountry "CAN"]

1. c4 Nf6 2. Nc3 b6 3. Nf3 Bb7 4. g3 e6 5. Bg2 Be7 6. O-O c5 7. d4 cxd4 8. Nxd4
Bxg2 9. Kxg2 O-O 10. e4 Nc6 11. Nxc6 dxc6 12. Bf4 Bb4 13. Qe2 Bxc3 14. bxc3 e5
15. Bxe5 Re8 16. Rad1 Qe7 17. Bxf6 Qxf6 18. Qf3 Qe6 19. Rfe1 Rad8 20. Rxd8 Rxd8
21. Qf4 g6 22. e5 Rd7 23. Re4 Kg7 24. g4 Rd3 25. Re3 Rxe3 26. fxe3 b5 27. Kg3
bxc4 28. g5 Qd5 29. Qd4 Kf8 30. Qxd5 cxd5 31. Kf4 Ke7 32. e4 Ke6 33. h3 a6 34.
h4 dxe4 35. Kxe4 Kd7 36. Kd5 1-0

[Event "Quebec op Open"]
[Site "Montreal CAN"]
[Date "2010.07.27"]
[Round "5"]
[White "Malette, Martin"]
[Black "Beaini, Massoud"]
[Result "1-0"]
[WhiteElo "1981"]
[BlackElo "1450"]
[PlyCount "45"]
[EventDate "2010.07.24"]
[EventType "swiss"]
[EventRounds "9"]
[EventCountry "CAN"]

1. e4 c6 2. d4 d5 3. Nc3 dxe4 4. Nxe4 Nd7 5. Nf3 Ngf6 6. Ng3 e6 7. Bd3 c5 8.
O-O cxd4 9. Nxd4 a6 10. Qe2 Nc5 11. Rd1 Be7 12. Bc4 Qc7 13. Qf3 O-O 14. b3 e5
15. Ndf5 e4 16. Qf4 Qxf4 17. Nxe7+ Kh8 18. Bxf4 Bg4 19. Re1 Rad8 20. Nef5 b5
21. Be2 Bxe2 22. Rxe2 Ne6 23. Be5 1-0

[Event "Quebec op Open"]
[Site "Montreal CAN"]
[Date "2010.07.27"]
[Round "5"]
[White "Nicula, Marius"]
[Black "MacKinnon, Keith"]
[Result "0-1"]
[WhiteElo "2183"]
[BlackElo "2280"]
[PlyCount "50"]
[EventDate "2010.07.24"]
[EventType "swiss"]
[EventRounds "9"]
[EventCountry "CAN"]

1. Nf3 Nf6 2. d4 e6 3. g3 b5 4. a4 b4 5. Bg2 Bb7 6. O-O c5 7. c3 Nc6 8. Nbd2 d5
9. dxc5 Bxc5 10. Nb3 Bd6 11. Nfd4 O-O 12. Nxc6 Bxc6 13. c4 Rc8 14. Nd4 Ba8 15.
cxd5 Nxd5 16. e4 Nf6 17. Nb5 Bc5 18. Qe2 a6 19. Rd1 Qb6 20. e5 Bxg2 21. exf6
Bh3 22. fxg7 Qc6 23. gxf8=Q+ Rxf8 24. Qf1 Bxf1 25. Rxf1 axb5 0-1

[Event "Quebec op Open"]
[Site "Montreal CAN"]
[Date "2010.07.27"]
[Round "5"]
[White "Plante, Michel"]
[Black "Charbonneau, Anne-Marie"]
[Result "1-0"]
[WhiteElo "2108"]
[BlackElo "1978"]
[PlyCount "69"]
[EventDate "2010.07.24"]
[EventType "swiss"]
[EventRounds "9"]
[EventCountry "CAN"]

1. d4 Nf6 2. Nf3 e6 3. e3 b6 4. Bd3 Bb7 5. O-O c5 6. b3 Be7 7. Bb2 d6 8. c4 O-O
9. Nbd2 Qc7 10. Rc1 Nbd7 11. Bb1 Rac8 12. Qc2 h6 13. Rfe1 Qb8 14. e4 cxd4 15.
Nxd4 Rfe8 16. Nf1 Bf8 17. Ng3 e5 18. Ndf5 b5 19. Qd3 bxc4 20. Rxc4 Nc5 21. Qf3
Re6 22. Rd1 Qa8 23. Ne3 Ba6 24. Rcc1 Bb7 25. Nd5 Nxd5 26. exd5 Rf6 27. Qg4 Rf4
28. Qh3 Bxd5 29. Nh5 Be6 30. Qe3 Rb4 31. Ba3 Rb5 32. Qg3 Rd8 33. b4 Ne4 34.
Bxe4 Qxe4 35. Nf6+ 1-0

[Event "Quebec op Open"]
[Site "Montreal CAN"]
[Date "2010.07.27"]
[Round "5"]
[White "Ramaswamy, Kishor"]
[Black "Ah-Lan, Kenny"]
[Result "1/2-1/2"]
[WhiteElo "2178"]
[BlackElo "2094"]
[PlyCount "130"]
[EventDate "2010.07.24"]
[EventType "swiss"]
[EventRounds "9"]
[EventCountry "CAN"]

1. d4 d5 2. Nf3 Nf6 3. Bg5 Ne4 4. Bh4 c5 5. e3 Nc6 6. c3 cxd4 7. exd4 Bg4 8.
Qb3 Qb6 9. Nbd2 Nxd2 10. Nxd2 e6 11. Bd3 Bd6 12. Qxb6 axb6 13. Bg3 Rd8 14. Bxd6
Rxd6 15. f4 O-O 16. Kf2 Bh5 17. Rhe1 Rc8 18. h3 Bg6 19. Bxg6 hxg6 20. Nf3 b5
21. a3 Na5 22. Re2 Nc4 23. g4 Ra6 24. Rae1 Nd6 25. Ng5 Rac6 26. Rf1 Re8 27. Ke1
b6 28. Kd1 f6 29. Nf3 Ne4 30. Rfe1 Kf7 31. Nd2 Rh8 32. Nxe4 dxe4 33. Rh1 f5 34.
g5 Rh4 35. Rf2 Rc8 36. Kc2 Ke7 37. Kb3 Kd6 38. a4 bxa4+ 39. Kxa4 Kc6 40. c4 Rd8
41. Rd1 Rxh3 42. Rfd2 Rf3 43. d5+ exd5 44. cxd5+ Kd6 45. Rc2 e3 46. Rc6+ Kd7
47. Rxg6 Rxf4+ 48. Kb5 Re8 49. Rxg7+ Kd6 50. Rg6+ Ke5 51. d6 e2 52. d7 Rd8 53.
Re1 Re4 54. Kc6 Rc4+ 55. Kxb6 Rc2 56. Rc6 Rd2 57. Rxe2+ Rxe2 58. Kc7 Rg8 59.
d8=Q Rxd8 60. Kxd8 Rxb2 61. g6 Rg2 62. Ke7 f4 63. Kf7 f3 64. g7 f2 65. Rf6 Ke4
1/2-1/2

[Event "Quebec op Open"]
[Site "Montreal CAN"]
[Date "2010.07.27"]
[Round "5"]
[White "Sasseville, Jean"]
[Black "Vallieres, Mario"]
[Result "0-1"]
[WhiteElo "1938"]
[BlackElo "1992"]
[PlyCount "50"]
[EventDate "2010.07.24"]
[EventType "swiss"]
[EventRounds "9"]
[EventCountry "CAN"]

1. Nf3 f5 2. d4 Nf6 3. g3 e6 4. Bg2 Be7 5. O-O O-O 6. c4 d6 7. Nc3 a5 8. b3 Na6
9. Bb2 c6 10. Re1 d5 11. Ne5 Nd7 12. Nxd7 Bxd7 13. f3 Nc7 14. e4 Be8 15. Qd2
Bf7 16. exf5 exf5 17. Qd3 g6 18. f4 Bf6 19. Na4 Rb8 20. c5 Na8 21. Bc3 Qc7 22.
Qd2 Rbe8 23. Kf1 Bd8 24. Nb6 Nxb6 25. Bxa5 Nc4 0-1

[Event "Quebec op Open"]
[Site "Montreal CAN"]
[Date "2010.07.27"]
[Round "5"]
[White "Voskanyan, Vahagn"]
[Black "Robichaud, Louis"]
[Result "1-0"]
[WhiteElo "2202"]
[BlackElo "2025"]
[PlyCount "67"]
[EventDate "2010.07.24"]
[EventType "swiss"]
[EventRounds "9"]
[EventCountry "CAN"]

1. Nf3 Nf6 2. c4 g6 3. g3 Bg7 4. Bg2 O-O 5. Nc3 d6 6. d4 Nbd7 7. O-O e5 8. h3
Re8 9. Be3 h6 10. Qc2 c6 11. dxe5 dxe5 12. Rfd1 Qe7 13. a3 Nb6 14. b3 Bf5 15.
Qc1 Kh7 16. g4 Bc8 17. g5 hxg5 18. Nxg5+ Kg8 19. Nce4 Nxe4 20. Nxe4 Nd7 21. Ra2
Nf8 22. Bc5 Qh4 23. Nd6 Rd8 24. Nxc8 Rdxc8 25. Bxf8 Bxf8 26. Rd7 Bc5 27. e3
Rab8 28. Qc3 Rd8 29. Rad2 Rxd7 30. Rxd7 Rd8 31. Qxe5 Bxa3 32. Rxb7 Rd1+ 33. Bf1
Qxh3 34. Qe8+ 1-0

[Event "Quebec op Open"]
[Site "Montreal CAN"]
[Date "2010.07.27"]
[Round "5"]
[White "Yao, Houji"]
[Black "Robidas, Francois"]
[Result "0-1"]
[WhiteElo "1669"]
[BlackElo "2002"]
[PlyCount "72"]
[EventDate "2010.07.24"]
[EventType "swiss"]
[EventRounds "9"]
[EventCountry "CAN"]

1. e4 d5 2. exd5 Qxd5 3. Nc3 Qd6 4. d4 Nf6 5. Bc4 Nc6 6. Be3 a6 7. Nge2 Bf5 8.
Qd2 e6 9. Bb3 Rd8 10. Bf4 Qd7 11. f3 Be7 12. O-O-O O-O 13. g4 Bg6 14. h4 h5 15.
d5 Na5 16. dxe6 Nxb3+ 17. axb3 Qxe6 18. Nd4 Qc8 19. g5 c5 20. gxf6 Bxf6 21. Ne4
Be7 22. Nxc5 Bxc5 23. Qc3 Rxd4 24. Rxd4 Bxd4 25. Qd2 Rd8 26. Qh2 Qc5 27. Kb1
Rc8 28. Rc1 Bf6 29. Bd6 Qd4 30. Ba3 b5 31. b4 a5 32. Qg1 Bxc2+ 33. Ka1 Qxg1 34.
Rxg1 axb4 35. Bxb4 Ra8+ 36. Ba3 Rxa3# 0-1

[Event "Quebec op Open"]
[Site "Montreal CAN"]
[Date "2010.07.27"]
[Round "5"]
[White "Zhu, Hong Rui"]
[Black "Poulin, Maurice"]
[Result "0-1"]
[WhiteElo "1885"]
[BlackElo "2028"]
[PlyCount "98"]
[EventDate "2010.07.24"]
[EventType "swiss"]
[EventRounds "9"]
[EventCountry "CAN"]

1. e4 g6 2. d4 Bg7 3. Nf3 d6 4. c3 Nf6 5. Bd3 Nbd7 6. O-O O-O 7. Re1 e5 8. Bg5
h6 9. Bh4 Qe8 10. Nbd2 Nh5 11. Nf1 Ndf6 12. Bxf6 Bxf6 13. Ng3 Nf4 14. Bc2 Bg4
15. h3 Bd7 16. Qd2 Qc8 17. Rad1 Bxh3 18. Nf5 gxf5 19. gxh3 fxe4 20. Rxe4 Bg5
21. Nxg5 hxg5 22. Re3 Nxh3+ 23. Kh2 Nf4 24. Rg3 f6 25. Rh1 Kg7 26. Kg1 Rh8 27.
Rxh8 Kxh8 28. Kf1 Kg7 29. Kg1 c5 30. d5 Qh8 31. c4 Qh4 32. Qe1 Rh8 33. Be4 b6
34. b3 f5 35. Bg2 a5 36. a3 Kf6 37. Qd1 Qh5 38. Qxh5 Rxh5 39. Kf1 Rh2 40. Bf3
g4 41. Bg2 Rxg2 42. Rxg2 Nxg2 43. Kxg2 e4 44. Kf1 Ke5 45. Ke2 Kd4 46. a4 f4 47.
Kd2 f3 48. Ke1 Kd3 49. Kd1 e3 0-1

[Event "Quebec op Open"]
[Site "Montreal CAN"]
[Date "2010.07.28"]
[Round "6"]
[White "Acosta, Mariano"]
[Black "Giroux, Robert"]
[Result "0-1"]
[WhiteElo "2261"]
[BlackElo "2062"]
[PlyCount "72"]
[EventDate "2010.07.24"]
[EventType "swiss"]
[EventRounds "9"]
[EventCountry "CAN"]

1. c4 c5 2. g3 Nc6 3. Bg2 g6 4. e3 Bg7 5. Ne2 e5 6. Nbc3 Nge7 7. d3 d6 8. Rb1
O-O 9. a3 a5 10. b3 Rb8 11. Bb2 Be6 12. h4 d5 13. cxd5 Nxd5 14. h5 f5 15. hxg6
hxg6 16. e4 Nf6 17. exf5 Bxf5 18. Ne4 Nxe4 19. dxe4 Qxd1+ 20. Rxd1 Be6 21. Rd6
Kf7 22. Rh7 Rbe8 23. b4 cxb4 24. axb4 axb4 25. f4 Kg8 26. Rxg7+ Kxg7 27. Rxc6
bxc6 28. Bxe5+ Kf7 29. Bd6 b3 30. Nc3 Ra8 31. e5 Ra1+ 32. Kf2 Ra2+ 33. Kg1
Rxg2+ 34. Kxg2 Ra8 35. g4 Bxg4 36. Kg3 Bf5 0-1